College Quizbowl Stats
College Quizbowl Stats
Circuits
Seasons
Sets
Records
Detailed Stats
About
Loading...
Northeast
Tossups
Bonuses
Players
Teams
Categories (Tossup)
Categories (Bonus)
William Arnesen
Harvard A
Categories
Category
Powers
Gets
Negs
BBs
Points
Earliest Buzz
Avg. Buzz
First Buzzes
Top 3 Buzzes
BPA
PVF
History - American
0
1
0
0
10
57
57.00
0
1
5.10
6.82
Literature - British
0
1
0
0
10
69
69.00
0
0
4.07
4.55
Current Events
0
0
1
0
-5
0.00
0
0
0.00
0.00
Science - Other
0
0
1
0
-5
0.00
0
0
0.00
0.00
Buzzes
Category
Answer
Value
Buzz Position
Current Events
chocolate
-5
17
History - American
Robert
10
57
Literature - British
The Importance of Being Earnest
10
69
Science - Other
harmonic
-5
75
Previous
1
Next